000 00465nam a2200193Ia 4500
005 20240823012811.0
008 240823s9999||||xx |||||||||||||| ||und||
020 _a0-07-060226-3
041 _aENGLISH
082 _A512.9 N2
100 _a"Spiegel,Murray R"
245 0 _aCollege Algebra : Thepry and Problems
250 _a1st
260 _c1992
_b"Schaum's (MGH),Ne"
500 _aYES
650 _aAlgebra
_bMathematics
942 _cBK
999 _c165435
_d165435